<?xml version="1.0" encoding="UTF-8"?>
<record
    xmlns:xsi="http://www.w3.org/2001/XMLSchema-instance"
    xsi:schemaLocation="http://www.loc.gov/MARC21/slim http://www.loc.gov/standards/marcxml/schema/MARC21slim.xsd"
    xmlns="http://www.loc.gov/MARC21/slim">

  <leader>00882nam a2200145Ia 4500</leader>
  <controlfield tag="008">231221s9999    xx            000 0 und d</controlfield>
  <datafield tag="041" ind1=" " ind2=" ">
    <subfield code="a">English</subfield>
  </datafield>
  <datafield tag="245" ind1=" " ind2="0">
    <subfield code="a">PC Quest (2001 -</subfield>
  </datafield>
  <datafield tag="260" ind1=" " ind2=" ">
    <subfield code="c">Nov, 2001</subfield>
  </datafield>
  <datafield tag="440" ind1=" " ind2=" ">
    <subfield code="a">I</subfield>
  </datafield>
  <datafield tag="500" ind1=" " ind2=" ">
    <subfield code="a">#NAME?</subfield>
  </datafield>
  <datafield tag="510" ind1=" " ind2=" ">
    <subfield code="a">Total reorder, MP3 rage Audioedit deluxe Mplayman, Limewire and more, Visual Fx adobe after effect 5 Dreamsuite series 1 photomodeler lite 3.1. games, Partician 11, adrenix, Hard core 1 World of fighting 1.2 Age of empire11 Rip to MP3 S+ 10 system utilities, Perl editor XML@Wiz mobile internet toolkit win regi- stry guide Microsoft Speech SDK</subfield>
  </datafield>
  <datafield tag="650" ind1=" " ind2=" ">
    <subfield code="a">Total reorder, MP3 rage Audioedit deluxe Mplayman, Limewire and more, Visual Fx adobe after effect 5 Dreamsuite series 1 photomodeler lite 3.1. games, Partician 11, adrenix, Hard core 1 World of fighting 1.2 Age of empire11 Rip to MP3 S+ 10 system uti</subfield>
  </datafield>
  <datafield tag="942" ind1=" " ind2=" ">
    <subfield code="c">CD</subfield>
  </datafield>
  <datafield tag="999" ind1=" " ind2=" ">
    <subfield code="c">202256</subfield>
    <subfield code="d">202256</subfield>
  </datafield>
  <datafield tag="952" ind1=" " ind2=" ">
    <subfield code="r">2024-01-26 00:00:00</subfield>
    <subfield code="l">0</subfield>
    <subfield code="p">CD486</subfield>
    <subfield code="w">2024-01-26</subfield>
    <subfield code="y">CD</subfield>
    <subfield code="1">0</subfield>
    <subfield code="4">0</subfield>
    <subfield code="7">0</subfield>
    <subfield code="8">CL</subfield>
    <subfield code="0">0</subfield>
    <subfield code="a">ML</subfield>
    <subfield code="b">ML</subfield>
    <subfield code="d">0000-00-00</subfield>
    <subfield code="e">LBPD- L.B. Publishers &amp; Distributors Pvt. Ltd.</subfield>
    <subfield code="E">MCA</subfield>
    <subfield code="L">17/08/2009</subfield>
    <subfield code="G">RS1</subfield>
    <subfield code="F">SB133</subfield>
    <subfield code="V">0</subfield>
    <subfield code="W">0</subfield>
  </datafield>
</record>
